| 000 -CABECERA |
| campo de control de longitud fija |
01000nam a2200253 u 4500 |
| 001 - NÚMERO DE CONTROL |
| campo de control |
000061137 |
| 005 - FECHA Y HORA DE LA ÚLTIMA TRANSACCIÓN |
| campo de control |
20200120223920.0 |
| 008 - DATOS DE LONGITUD FIJA--INFORMACIÓN GENERAL |
| campo de control de longitud fija |
110809s2005 cau r 000 0 spa d |
| 020 ## - NÚMERO INTERNACIONAL ESTÁNDAR DEL LIBRO |
| Número Internacional Estándar del Libro |
9789588545394 |
| 020 ## - NÚMERO INTERNACIONAL ESTÁNDAR DEL LIBRO |
| Número Internacional Estándar del Libro |
9586951758 |
| 043 ## - CÓDIGO DE ÁREA GEOGRÁFICA |
| Código de área geográfica |
s-ck--- |
| 082 04 - NÚMERO DE LA CLASIFICACIÓN DECIMAL DEWEY |
| Número de clasificación |
320.9861 |
| Número de documento/Ítem |
O74 |
| Número de edición |
21 |
| 100 1# - ENTRADA PRINCIPAL--NOMBRE DE PERSONA |
| Nombre de persona |
Orjuela Escobar, Luis Javier. |
| Fechas asociadas al nombre |
1983- |
| 245 10 - MENCIÓN DE TÍTULO |
| Título |
La sociedad colombiana en los años noventa : |
| Resto del título |
fragmentación, legitimidad y eficiencia / |
| Mención de responsabilidad, etc. |
Luis Javier Orjuela Escobar. |
| 250 ## - MENCIÓN DE EDICIÓN |
| Mención de edición |
1a. ed. |
| 260 ## - PUBLICACIÓN, DISTRIBUCIÓN, ETC. |
| Lugar de publicación, distribución, etc. |
Bogotá : |
| Nombre del editor, distribuidor, etc. |
Universidad de los Andes, Facultad de Ciencias Sociales- Ceso, Departamento de Ciencia Política, |
| Fecha de publicación, distribución, etc. |
2005. |
| 300 ## - DESCRIPCIÓN FÍSICA |
| Extensión |
198 p. : |
| Otras características físicas |
il., gráfs., cuadrs. ; |
| Dimensiones |
24 cm. |
| 504 ## - NOTA DE BIBLIOGRAFÍA, ETC. |
| Nota de bibliografía, etc. |
Incluye bibliografía |
| 650 17 - PUNTO DE ACCESO ADICIONAL DE MATERIA--TÉRMINO DE MATERIA |
| Término de materia o nombre geográfico como elemento de entrada |
Liberalismo |
| Subdivisión geográfica |
Colombia |
| Subdivisión cronológica |
Siglo XX |
| Fuente del encabezamiento o término |
LEMB. |
| 650 27 - PUNTO DE ACCESO ADICIONAL DE MATERIA--TÉRMINO DE MATERIA |
| Término de materia o nombre geográfico como elemento de entrada |
Neoliberalismo |
| Subdivisión geográfica |
Colombia |
| Subdivisión cronológica |
Siglo XX |
| Fuente del encabezamiento o término |
LEMB. |
| 650 27 - PUNTO DE ACCESO ADICIONAL DE MATERIA--TÉRMINO DE MATERIA |
| Término de materia o nombre geográfico como elemento de entrada |
Globalización |
| Subdivisión geográfica |
Colombia |
| Fuente del encabezamiento o término |
LEMB. |
| 651 17 - PUNTO DE ACCESO ADICIONAL DE MATERIA--NOMBRE GEOGRÁFICO |
| Nombre geográfico |
Colombia |
| Subdivisión general |
Política y gobierno |
| Subdivisión cronológica |
Siglo XX. |
| Fuente del encabezamiento o término |
LEMB. |
| 650 27 - PUNTO DE ACCESO ADICIONAL DE MATERIA--TÉRMINO DE MATERIA |
| Término de materia o nombre geográfico como elemento de entrada |
Colombia |
| Subdivisión general |
Política social |
| Subdivisión cronológica |
Siglo XX. |
| Fuente del encabezamiento o término |
LEMB. |